I travestiti /

Uloženo v:
Podrobná bibliografie
Hlavní autor: Benantoni, Federico (Autor)
Médium: Kniha
Jazyk:italština
Vydáno: Milano : Charme, stampa 1969
Edice:Poker d'assi. Nuova serie ; 4
Tagy: Přidat tag
Žádné tagy, Buďte první, kdo vytvoří štítek k tomuto záznamu!

MARC

LEADER 00000nam a22000007i 4500
001 IT\ICCU\UBO\4104456
003 ItRI
005 20260115232249.0
008 141022s1969 it |||||| ||||| |||||c
040 |b ita  |c importazione bologna sebina 
041 7 |a ita  |2 ISO-639-2 
100 1 |a Benantoni, Federico  |0 IT\ICCU\UBOV\411176  |4 aut 
245 1 2 |a I travestiti /  |c Federico Benantoni. 
260 |a Milano :  |b Charme,  |c stampa 1969 
300 |a 160 p. ;  |c 17 cm 
830 0 |a Poker d'assi. Nuova serie ;  |v 4  |0 IT\ICCU\UBO\4104458 
942 |2 ddc  |c BK  |n 0 
952 |0 0  |1 0  |4 0  |6 T_306_770000000000000_BEN  |7 0  |9 23220  |a BO  |b BO  |d 2026-01-15  |i 345  |l 0  |o T 306.77 BEN  |p BO345  |r 2026-01-15 23:22:49  |w 2026-01-15  |x [Sebina 7] [1 v.]  |y BK  |z 1 v. 
999 |c 19799  |d 19799